00251 a2200097 4500000002500000020001800025100002200043245006600065260001400131264000800145 nam a22 7a 4500 a9781032599144 aTurjiman, Fadi-AI aInternet of Nano things and wireless body area Networks(WBAN) bCRCc2023 bCRC